Ngữ pháp tiếng pháp thực hành (Danh từ, mạo từ, tính từ, trạng từ) = Noms, Articles, Adjectifs, Adverbes
Sách được trình bày một cách hệ thống các dạng ngữ pháp để dễ dàng tra cứu các đề mục ngữ pháp đa dạng
Đã lưu trong:
| Tác giả chính: | |
|---|---|
| Định dạng: | Sách |
| Ngôn ngữ: | Undetermined |
| Được phát hành: |
Thành phố Hồ Chí Minh
Đại học Sư Phạm
2004
|
| Những chủ đề: | |
| Các nhãn: |
Thêm thẻ
Không có thẻ, Là người đầu tiên thẻ bản ghi này!
|
| Thư viện lưu trữ: | Trung tâm Học liệu Trường Đại học Cần Thơ |
|---|
| LEADER | 00884nam a2200229Ia 4500 | ||
|---|---|---|---|
| 001 | CTU_58847 | ||
| 008 | 210402s9999 xx 000 0 und d | ||
| 020 | |c 16000 | ||
| 082 | |a 445 | ||
| 082 | |b U603 | ||
| 100 | |a Lê, Uyên | ||
| 245 | 0 | |a Ngữ pháp tiếng pháp thực hành (Danh từ, mạo từ, tính từ, trạng từ) = | |
| 245 | 0 | |b Noms, Articles, Adjectifs, Adverbes | |
| 245 | 0 | |c Lê Uyên và Như Hảo | |
| 260 | |a Thành phố Hồ Chí Minh | ||
| 260 | |b Đại học Sư Phạm | ||
| 260 | |c 2004 | ||
| 520 | |a Sách được trình bày một cách hệ thống các dạng ngữ pháp để dễ dàng tra cứu các đề mục ngữ pháp đa dạng | ||
| 650 | |a French language | ||
| 650 | |x Grammar | ||
| 904 | |i Minh, Trân | ||
| 980 | |a Trung tâm Học liệu Trường Đại học Cần Thơ | ||